| 000 | 01026nam a2200253 i 4500 | ||
|---|---|---|---|
| 001 | 120350 | ||
| 003 | ES-MaACL | ||
| 005 | 20251217101102.0 | ||
| 007 | t| | ||
| 008 | 070214s1918 sp |||| | spa d | ||
| 080 | _a821.111-14(082.2) | ||
| 245 | 0 | 4 |
_aLas cien mejores poesías (líricas) de la lengua inglesa / _ctraducidas directamente en verso por Fernando Maristany ; prólogo de Enrique Díez-Canedo. |
| 246 | 3 | _a100 mejores poesías líricas de la lengua inglesa | |
| 260 |
_aValencia : _bCervantes, _c1918. |
||
| 300 |
_aXVI, 176 p. ; _c19 cm. |
||
| 650 | 4 |
_aPoesías inglesas. _916229 |
|
| 700 | 1 |
_aDíez-Canedo, Enrique, _d1879-1944 _944685 |
|
| 700 | 1 |
_aMaristany, Fernando. _976897 |
|
| 740 | 4 | _aLas cien mejores poesías líricas de la lengua inglesa. | |
| 852 |
_aES-MaACL _jR-2901 _zDedicatoria autógrafa de Fernando Maristany _x Olim:F-6677 _cDEPO1 |
||
| 856 | 4 |
_uhttp://www.archive.org/details/lacienmejorespoe00mariuoft _yIr a la página |
|
| 942 | _2udc | ||
| 999 |
_c120350 _d120350 |
||